000 01070nas a2200277 4500
001 BR8000763
003 BR-BrBNA
005 20231205084128.0
007 ta
008 230509b bl.|||p| |||| 00| 00por d
040 _aBR-BrBNA
_bpor
_cBiblioteca Nacional de Agricultura
041 _a(Pt)
072 _aF23
100 1 _aSans, L.M.A.
100 1 _aDematte, J.L.I.
100 1 _aCarvalho, A.
245 1 _aCaracteristicas fisicas, quimicas e mineralogicas de tres solos em uma catena sob cerrado e sobre calcario, em Sete Lagoas, MG [Minas Gerais; Brasil]
_bParte de tese
246 1 _aPhysical, chemical and mineralogical properties of three soils on limestone and under cerrado vegetation from Statte Alagoas, MG [Minas Gerais; Brazil]
_b[Part of thesis]
650 _aClassificacao do solo
650 _aSolo
650 _aSete Lagoas
650 _aMinas Gerais
773 0 _tRevista Brasileira de Ciencia do Solo (Brazil)
_xISSN 0100-0683
_g(Jan 1979), v. 3(1) p. 54-61
_wBR8000763
909 _a202311
_bLúcia
_c55
_dLúcia Elande
942 _2AGRIS
_n0
_cANA
999 _c103303
_d103303